000 00512 a2200193 4500
005 20260409124328.0
008 260409b |||||||| |||| 00| 0 eng d
020 _a9789390951581
_cRs. 795.00
040 _aMAIN
082 _a647.94092
_bK113H
100 _aKachru K B
245 _aHumility and agility: The life of a hotelier
260 _bAlliedPublishers
_c2023
_aNoida
300 _axx, 130
650 _aHotel Management
650 _aHospitality Industry
650 _aIndia Tourism
942 _cBK
999 _c395660
_d395660